A biology of lower invertebrates

שמור ב:
מידע ביבליוגרפי
מחבר ראשי: Russell-Hunter, W. D (Author)
פורמט: ספר
שפה:אנגלית
יצא לאור: Toronto The Macmillan Company 1968
מהדורה:1a. ed
סדרה:Current Concepts in Biology
נושאים:
תגים: הוספת תג
אין תגיות, היה/י הראשונ/ה לתייג את הרשומה!

MARC

LEADER 00000cam a2200000 a 4500
001 UCE0279
003 CL-VaPUC
008 140109e19680000cn |||||||||||||||||eng|d
082 0 4 |a 578.77  |b RUS  |2 21 
100 0 |a Russell-Hunter, W. D  |e author  |9 572661 
245 1 2 |a A biology of lower invertebrates 
250 |a 1a. ed 
300 |a 181 p 
942 |c BK 
945 |d 20140109 11:50:00  |a dcastane 
260 |a Toronto  |b The Macmillan Company  |c 1968 
650 0 |a Biología marina  |9 259965 
650 0 |a Invertebrados  |9 261302 
650 7 |a LIMNOLOGIA  |2 CL-VaPUC  |9 261208 
583 |a last modification  |c 20140109 11:50:00  |k Rodrigo Vera 
490 0 |a Current Concepts in Biology 
999 |c 354480  |d 354478 
952 |0 0  |1 0  |3 erb  |4 0  |6 578_770000000000000_RUS_1968  |7 0  |8 A  |9 460382  |a BIBCUR  |b BIBCUR  |i 5038979  |o 578.77 RUS 1968  |p 5038979  |r 2025-04-22  |w 2019-11-23  |y BK  |z Catalogado en:20140109  |k BCB